| 000 | 01211nmm a2200325 a 4500 | ||
|---|---|---|---|
| 001 | ocm0002015875 | ||
| 003 | TR-IsHL | ||
| 005 | 20201028181107.0 | ||
| 008 | 181229s2015 tu tur | ||
| 007 | cr cn | ||
| 020 | _a9786054921744 | ||
| 035 |
_a2015875 _b(N$T) |
||
| 050 | 0 | 4 |
_aD568 .3 _b.R6919 2015 |
| 090 | 0 | 4 |
_aD568 .3 _b.R6919 2015 |
| 100 | 1 | _aRowland, Robyn | |
| 245 | 1 | 0 |
_aİçli dışlı bir savaş: Gelibolu Çanakkale 1915 = _bThis intimate war: Gallipoli Çanakkale 1915 _h[electronic resource] / _cRobyn Rowland ; Türkçeleştiren Mehmet Ali Çelikel |
| 250 | _a1. Basım | ||
| 260 |
_aİstanbul : _bBilge Kültür Sanat, _c2015 |
||
| 300 | _a119 p. | ||
| 500 | _aKaynakça var. | ||
| 650 | 4 | _aTarih | |
| 650 | 4 | _aHistory | |
| 650 | 0 | _aÇanakkale Savaşları, 1915-1916 | |
| 650 | 0 | _aÇanakkale War. 1915-1916 | |
| 650 | 0 |
_aDünya Savaşı, 1914-1918 _x Türkiye _x Gelibolu Yarımadası |
|
| 650 | 0 |
_aWorld War, 1914-1918 _x Turkey _x Gallipoli Peninsula |
|
| 650 | 7 |
_aHISTORY / Middle East / Turkey & Ottoman Empire _2bisacsh |
|
| 700 | 1 | _aÇelikel, Mehmet Ali | |
| 856 | 4 | 0 | _uhttp://search.ebscohost.com/login.aspx?direct=true&scope=site&db=e011xww&AN=2015875 |
| 999 |
_c19444 _d19444 |
||